Stress-induced production of biofilm in the hyperthermophile archaeoglobus fulgidus /
Na minha lista:
| Autor principal: | |
|---|---|
| Outros Autores: | |
| Formato: | Artigo |
| Idioma: | English |
| Assuntos: | |
| Tags: |
Adicionar Tag
Sem tags, seja o primeiro a adicionar uma tag!
|
| Thư viện lưu trữ: | Thư viện Trường Đại học Đà Lạt |
|---|
| LEADER | 00994nam a2200337 4500 | ||
|---|---|---|---|
| 001 | DLU090096673 | ||
| 005 | ##20091201 | ||
| 040 | # | # | |a DLU |b eng |
| 041 | # | # | |a eng |
| 044 | # | # | |a us |
| 100 | # | # | |a Lapaglia, C. |
| 245 | # | # | |a Stress-induced production of biofilm in the hyperthermophile archaeoglobus fulgidus / |c C. Lapaglia, P. L. Hartzell. |
| 653 | # | # | |a Anaerobiosis |
| 653 | # | # | |a Antibiotic |
| 653 | # | # | |a Archaeobacteria |
| 653 | # | # | |a Bacteria |
| 653 | # | # | |a Biofilm |
| 653 | # | # | |a Hyperthermophily |
| 653 | # | # | |a Marine environment |
| 653 | # | # | |a Stress |
| 700 | # | # | |a Hartzell, P. L. |
| 773 | # | # | |t Applied and Environmental Microbiology |g Vol. 63, no. 8 (August 1997), p. 3158-3163 |
| 920 | # | # | |a Phòng Tạp chí -- Trung tâm Thông tin - Thư viện Trường Đại học Đà Lạt |
| 994 | # | # | |a DLU |
| 900 | # | # | |a True |
| 911 | # | # | |a Trương Bảo Trâm Anh |
| 925 | # | # | |a G |
| 926 | # | # | |a A |
| 927 | # | # | |a BB |
| 980 | # | # | |a Thư viện Trường Đại học Đà Lạt |